000 00575nam a2200181Ia 4500
008 210428s9999 xx 000 0 und d
020 _a1-56347-060-8
082 _a660.04 A498 D
100 _aA.L.Kuhl
245 0 _aDynamics of Gaseous Combustion /
_cA.L.Kuhl
260 _bAmerican Institute of Aeronautics and Astronautics
_aWashington, DC
_c1993
300 _a448p
440 _aProgress in astronautics and aeronautics V-151
_9127154
700 _aJ. -C. Leyer
_9127136
700 _aA. A. Borisov
_9127137
700 _aW. A. Sirignano
_9127138
942 _cBK
_2ddc
999 _c559921
_d559921